00580 a2200181 4500999001500000010001400015020002200029035001300051037001500064082001000079100001700089245004300106260003300149270005500182300002300237942002900260952010900289 c5234d5234 aENG-86789 c85.00a8183821227 aEN-70322 bDBAD / PUB00a929.41 aVijaya Kumar10aBaby names for boys /cby Vijaya Kumar aNew DelhibLotus Pressc2007 a4263/3, Ansari Road, DaryaganjbNew Delhie110 002 a208pc21 cm. (Pbk) adplcEN2ddch929.4mVIJ 001040718NFICaDBADbDBADeDBAD/PUBg85.00l0o929.4 VIJpEN-70322r2008-09-15 00:00:00t1v85.00yEN